000 00608nam a2200229Ia 4500
005 20250508163755.0
008 008 250505s9999 xx 000 0 eng d
020 _a0-415-14307-1
037 _aTextual
040 _aFEDL
_beng
_cFEDL
041 _aeng
_2eng
084 _a338.9, RIM
_qFEDL
100 _aRima Ingrid Hahne
_9270717
245 0 _aDevelopment of economic analysis
250 _a5
260 _aLondon, UK
_bRoutledge
_c1996
300 _axvi,603p
365 _aGBP
_b19.99
650 _aEconomic development
942 _cTEXL
_h338.9, RIM
999 _c1385179
_d1385179